000 00679nam a2200205Ia 4500
003 OSt
005 20230928131241.0
008 210310s9999 xx 000 0 und d
020 _a978-958-8334-24-0
040 _cCO-JMCR
100 _a#N/A
_918116
245 1 0 _aFabulas de Gunter
260 _c#N/A
300 _b199 páginas : ilustraciones a color ; 28 cm
440 _a0
_924229
500 _aRecomendado para mayores de 5 años.
505 _aSalón de belleza para hipopótamos -- Narices y oídos que ven -- Medicina animal -- El rey de corazones -- Dulce de árbol -- Sólo machos
650 _aCuentos infantiles belgas Fábulas belgas
_924230
942 _2ddc
_cBK
999 _c10971
_d10971